000 00445cam a2200181ua 4500
020 _c20.00
041 _aeng
_h
082 _a519.2
_bKEY/TR
100 _aKeynes, John Mynard .
245 _aTreatise on probability /
_cJohn Maynard Keynes.
_hTextual Documents
250 _a1 /
_b.
260 _aLondon :
_bMcMillon & Co Ltd ,
_c1963.
300 _a466 ; .
365 _a20.00
504 _a
942 _cBK
999 _c9979
_d9979